| 000 | 00785nam a2200217 i 4500 | ||
|---|---|---|---|
| 001 | 99624 | ||
| 003 | ES-MaACL | ||
| 005 | 20230906182528.0 | ||
| 007 | t| | ||
| 008 | 050914s1969 sp ||||1| spa d | ||
| 100 | 1 |
_aMartínez Bande, José Manuel. _977883 |
|
| 245 | 1 | 3 |
_aLa Guerra en el Norte _b: (hasta el 31 de marzo de 1937) / _cJosé Manuel Martínez Bande. |
| 260 |
_aMadrid : _bSan Martín, _c1969. |
||
| 300 |
_a295 p., 12 lám., 16 map. pleg. col. ; _c24 cm. |
||
| 490 | 1 |
_aMonografías de la Guerra de España ; _v4 |
|
| 500 | _aPrecede al tít.: Servicio Histórico Militar. | ||
| 710 | 1 |
_aEspaña. _bServicio Histórico Militar. _93980 |
|
| 830 | 0 |
_aMonografías de la Guerra de España ; _v4 _9184535 |
|
| 852 |
_aES-MaACL _jC-37911 _bR.72098 |
||
| 999 |
_c99624 _d99624 |
||